000 00480nam a2200181Ia 4500
003 GCL
008 140319s9999 xx 000 0 eng d
040 _aGCL /
_cGCL
082 0 4 _a291.172
_bM C
100 1 _aMAULANA ABUL-ATA
245 1 0 _aTHE CAIRO DEBATE: MUSLIMVS CHRISTIAN /
_cMAULANA ABUL-ATA
260 _a[S.N] :
_bTHE MAKTABA - AL FURGAN ،
_c1993
300 _a81 P
650 0 4 _aMUSLIMS
650 0 4 _aCHRISTIAN
650 0 4 _aCOMPARATIVE RELIGION
942 _2ddc
_cBK
999 _c11291
_d11291